00347nam a2200109Ia 4500008004100000082000800041100002000049245005200069942000600121952009500127999001500222240331s9999 xx 000 0 und d bPOC aThompson, D. ed 4aThe pocket oxford dictionary of current English cL 001040708LaWERCLbWERCLcSSCd2024-03-31l0o 420 POCp4087r2024-03-31w2024-03-31yL c3233d3233